| 000 | 00995nam a2200277Ia 4500 | ||
|---|---|---|---|
| 005 | 20220317000655.0 | ||
| 008 | 160601s2003 ck a g 000 0 spa | ||
| 020 | _a9582007206 | ||
| 082 | 0 | 4 |
_a371.8019 _bB87p |
| 100 | 1 | _aBurgos, Campo Elías | |
| 245 | 1 | 3 |
_aLa pregunta en la vida de los niños _bun aporte al desarrollo de la competencia comunicativa _cCampo Elías Burgos, Mercedes Delgadillo González |
| 250 | _a1a. edición | ||
| 300 |
_a130 páginas _bilustraciones _c24 cm |
||
| 490 | _aColección aula abierta | ||
| 504 | _aIncluye bibliografías | ||
| 650 | 1 | 4 |
_2LEMB _aPsicología infantil |
| 650 | 1 | 4 |
_2LEMB _aOrientación estudiantil |
| 650 | 1 | 4 |
_2LEMB _aPregunta y respuestas infantiles |
| 700 | 1 |
_aDelgadillo González, Mercedes _952343 |
|
| 942 |
_2ddc _cBK |
||
| 264 |
_aBogotá _bMagisterio _c2003 |
||
| 336 |
_atexto _btxt _2rdacontent |
||
| 337 |
_asin mediación _bn _2rdamedia |
||
| 338 |
_avolumen _bnc _2rdacarrier |
||
| 040 |
_aCO-BoRNBP _bspa _erda _cCO-BoRNBP |
||
| 999 |
_c4733 _d4733 |
||